| 000 | 00685nam a22002297a 4500 | ||
|---|---|---|---|
| 001 | 38570 | ||
| 003 | BD-RjUL | ||
| 005 | 20211209052824.0 | ||
| 008 | 160109r19681966-us||||| |||| 00| 0 eng d | ||
| 035 | _a(BD-RjUL)38675 | ||
| 040 |
_aBD-RjUL _beng _cBD-RjUL |
||
| 041 | _aeng | ||
| 082 |
_221 _a530.41 _bKII 1968 |
||
| 100 |
_aKittel, Charles _9119036 |
||
| 245 | 1 | 0 |
_aIntruduction to solid state physics / _c Charles Kittel |
| 250 | _a3rd ed. | ||
| 260 |
_aNew york: _bJohn wiley, _c1966 [Corrected Printing 1968] |
||
| 300 |
_a[16], 648 p. : _bill ; _c25 cm. |
||
| 504 | _aIncludes bibliographical references andIndex. | ||
| 650 |
_vSolid state physics. _9183201 |
||
| 942 |
_2ddc _cBK |
||
| 999 |
_c38570 _d38570 |
||